00638nam a2200229 a 450000100060000000300080000600500170001400800410003102000130007203500190008503500170010404000260012104100130014708200250016010000390018524500560022425000130028026000500029330000300034365000190037365000160039229214BD-RjUL20211209051402.0140402r19661963enk 001 0 eng d cRs. 6.00 a(BD-RjUL)29299 a(OCoLC)13411 aBD-RjULbengcBD-RjUL1 aenghger a340.59223bJHP 19661 aJhabvala, Noshirvan H d1889-1951.10aPrinciples of Mahomedan law /cNoshirvan H Jhabvala a8th ed.  aBombay :bC. Jamnadas,c1963 [Reprinted 1966] a[8], 150 pages. ;c23 cm. 0aJurisprudence. 0aIslamic law